000 01575cam a22003974i 4500
003 PE-LiUPU
005 20250731183423.0
008 150706s r 000 0 d
020 _a842521632x
035 _a(Sirsi) i842521632
040 _aPE-LiUPU
_bspa
_cPE-LiUPU
_erda
049 _aPRUA
082 0 4 _a720.4
_bH78
_221
100 1 _aHough, Michael,
_eautor.
245 1 0 _aNaturaleza y ciudad :
_bplanificación urbana y procesos ecológicos /
_cMichael Hough.
264 1 _aBarcelona :
_bGustavo Gil,
_c1998.
300 _a315 páginas :
_bilustraciones ;
_c24 cm.
336 _atext
_2rdacontent
337 _aunmediated
_2rdamedia
338 _avolume
_2rdacarrier
504 _aIncluye bibliografía.
505 0 _aEcología urbana: una base para la remodelación de las ciudades 5 -- Agua -- Plantas -- Fauna -- Agricultura urbana -- Clima realizando conexiones.
526 _aP158
526 _aP146
526 _aP17
526 _aP12
526 _aP06
541 _g003-001064;
650 0 4 _aUrbanismo
_xAspectos ambientales .
910 _agl
_bjv
_cng
_d20091014
942 _2ddc
_cBOOK
949 _a720.4 H78
_wDEWEY
_c1
_i60565
_lCCODEBUL1
_mBUL
_p71.00
_r0
_sY
_tBOOK
_u2015-7-6
_xINGENIERIA
_PP06
_o.STAFF. Colección General
994 _aC0
_bPEPRU
596 _a1
999 _a720.4 H78
_wDEWEY
_c49987
_i60565
_d49987
_e2017-6-23
_f2021-11-9
_g7
_lCCODEBUL1
_mBUL
_n5
_p71.00
_r0
_sY
_tBOOK
_u2015-7-6
_xINGENIERIA
_PP06
_0COMPRA
_o.STAFF. Colección General
980 _81
_gALBERTO SANCHEZ Responsable de Automatización